Nové metódy pre dimenzovanie a riadenie exploatácie závlahových nádrží

Podrobná bibliografia
Hlavní autori: Gomboš, Ján (Autor), Zajíc, Karol (Autor), Kolář, Alois (Autor)
Médium: Článok
Jazyk:slovenčina
Predmet:

MARC

LEADER 00000nab a2200000 a 4500
001 vtls000137689
003 SK-MaSNL
005 20260303025617.0
008 111031c1981 xo 0 slo
015 |a SNBRA19rr/mm-uuuuu 
035 |a CL0147795 
040 |a SNKBUCL  |b slo  |c SNKBUCL  |e AACR2 
041 0 |a slo 
044 |a xo  |c SK 
080 |a 631.6  |2 1981 
080 |a 626  |2 1981 
100 1 |a Gomboš, Ján  |4 aut  |9 355687 
245 1 0 |a Nové metódy pre dimenzovanie a riadenie exploatácie závlahových nádrží  |c Ján Gomboš, Karol Zajíc, Alois Kolář 
650 0 7 |a závlahy  |2 snkbucl  |9 13225 
650 0 7 |a nádrže závlahové  |2 snkbucl  |9 937756 
655 7 |a články zo zborníkov  |2 snkbucl  |9 166140 
700 1 |a Zajíc, Karol  |4 aut  |9 279107 
700 1 |a Kolář, Alois  |4 aut  |9 349274 
773 0 |t Zborník 1. Referáty a súhrny koreferátov z vedeckej konferencie AF VŠP v Nitre  |d Nitra : ÚVTIP, 1981 
850 |a Slovenská národná knižnica v Martine  |a MTA001 
852 |a SNK  |b KIS3GCP 
958 |a RK 
992 |a RZB 
999 |c 1647302  |d 1649232